| Tag |
First Indicator |
Second Indicator |
Subfields |
| LEADER |
00000cam a2200000 a 4500 |
| 001 |
in00000082772 |
| 005 |
20151008054224.0 |
| 008 |
771104s1907 stk 00010 eng d |
| 035 |
|
|
|a (OCoLC)03392861
|
| 035 |
|
|
|9 AAJ0012AM
|
| 040 |
|
|
|a OKO
|c OKO
|d m.c.
|d TXA
|d UtOrBLW
|
| 049 |
|
|
|a TXAM
|c [1387177]
|
| 090 |
|
|
|a B1401
|b .S5 1907
|
| 100 |
1 |
|
|a Seth Pringle-Pattison, A.
|q (Andrew),
|d 1856-1931.
|
| 245 |
1 |
0 |
|a Scottish philosophy :
|b a comparison of the Scottish and German answers to Hume /
|c by A. Seth Pringle-Pattison.
|
| 250 |
|
|
|a 4th ed.
|
| 264 |
|
1 |
|a Edinburgh :
|b W. Blackwood,
|c 1907.
|
| 300 |
|
|
|a xvi, 222 pages ;
|c 19 cm.
|
| 336 |
|
|
|a text
|b txt
|2 rdacontent
|
| 337 |
|
|
|a unmediated
|b n
|2 rdamedia
|
| 338 |
|
|
|a volume
|b nc
|2 rdacarrier
|
| 490 |
1 |
|
|a Balfour philosophical lectures, University of Edinburgh
|
| 650 |
|
0 |
|a Philosophy, Scottish.
|
| 830 |
|
0 |
|a Balfour philosophical lectures.
|
| 999 |
|
|
|a MARS
|
| 999 |
f |
f |
|s b33bd853-06fe-35a0-9493-e72c210e5393
|i adea3dd6-9c76-31ef-bedd-2d1e69808ce4
|t 0
|
| 952 |
f |
f |
|p ric
|a Texas A&M University
|b Rellis Campus
|c Joint Library Facility
|d Remote Storage
|t 0
|e B1401 .S5 1907
|h Library of Congress classification
|i unmediated -- volume
|m A14806080437
|
| 998 |
f |
f |
|a B1401 .S5 1907
|t 0
|l Remote Storage
|